SOLDIER SIDE - SYSTEM OF A DOWN - Statistics

General Stats
  • This quiz has been taken 41 times
  • The average score is 177 of 216
Answer Stats
Answer % Correct
is
100%
on
100%
the
100%
to
100%
a
97%
he
97%
me
97%
so
97%
when
97%
Where
97%
men
94%
side
94%
soldier
94%
you
94%
all
90%
come
90%
die
90%
go
90%
no
90%
their
90%
grave
87%
never
87%
of
87%
There
87%
Welcome
87%
far
84%
find
84%
here
84%
home
84%
left
84%
They
84%
they
84%
were
84%
Wondering
84%
be
81%
black
81%
crying
81%
God
81%
one
81%
People
81%
sons
81%
wearing
81%
young
81%
Young
81%
but
77%
comes
77%
going
77%
gone
77%
Jesus
77%
lying
77%
must
77%
saved
77%
gonna
74%
He's
74%
he's
74%
standing
74%
back
71%
bottom
71%
coming
71%
deserve
71%
Savior
71%
your
71%
are
68%
Maybe
68%
maybe
68%
truth
68%
you're
68%
hope
65%
man
65%
own
65%
top
65%
Dead
61%
graves
58%
grow
58%
there's
58%
up
58%
sinner
52%
lies
45%
his
42%
into
42%
life
42%
joker
39%
mourner
39%
alternate
35%
tells
32%
bishop
29%
king
29%
winner
26%
Cruelty
23%
No matching quizzes found
Score Distribution
Percent of People with Each Score
Percentile by Number Answered
Your Score History
You have not taken this quiz